L'an 1847 - Statistiques

Statistiques générales
  • Ce quiz a été pris 12 fois
  • Le résultat moyen est 5 sur 11
Statistiques - réponses
Indice Réponse % Correct
26 juillet: Ce pays africain devient indépendant, les fondateurs sont des affranchis Liberia
83%
24 juillet fondation de cette ville par les Mormons Salt Lake City
83%
28 décembre: Louis Philippe maintien son opposition à ce mode de suffrage Suffrage universel
83%
3 novembre: Guerre du Sonderbund opposant les cantons de ce pays Suisse
58%
9 juillet: Début de cette campagne d'opposition politique en France, la campagne des... (se dit d'un repas festif) Banquets
50%
15 avril: Expédition française dans cette partie du Viet Nam du sud. Cochinchine
42%
9 octobre: La Suède abolit l'esclavage dans son unique colonie, qui sera achetée plus tard par la France Saint-Barthélémy
33%
23 décembre: Reddition d'Abd El-Kader, dans quelle ville sera-t-il incarcéré en premier ? Toulon
25%
12 novembre : première anesthésie avec ce composé (cher à Tintin) réalisée par le Britannique James Young Simpson. Chloroforme
17%
30 juillet: Cette ethnie du Yucatan se révolte (guerre des castes) Maya
17%
13 septembre: Suite à la victoire américaine de Chapultepec, qu'advint-il des déserteurs du bataillon Saint Patrick ? Pendaison
17%
Aucun quiz correspondant
Distribution des résultats
% des personnes avec chaque résultat
Percentile par nombre de réponses
Votre historique - résultats
Vous n’avez pas pris ce quiz